00839nam a2200253 a 450000500170000000800410001702000150005804000250007304100080009804400070010608200160011310000340012924500980016326000590026130000260032065000370034665000400038365000200042365000230044365000380046670000270050470000290053170000250056020180226165107.0170911b2006 ck ||||| |||| 00| 0 spa d a9589386490 aCO-BoIAVHcCO-BoIAVH aspa ack a363.7bA53a aAmézquita, María Cristina10aAlmacenamiento de carbono en ecosistemas terrestres para mitigar el cambio climático global as.c.bCIPAVbCIATbCATIEbWageningen Universityc2006? a68 páginasc21 x 1614aCambio climáticovMitigación14aSistemas silvopastorilesvMonitoreo14aCarbonovSuelos14aPasturasvPotreros14aUsos de la tierravConservación aMurgueitio R., Enrique aCuartas, César Augusto aGómez, Maria Elena